00510 2200169 4500001002100000005001500021035002000036008004100056245008900097100002100186260002900207300002500236084002100261082001100282650002700293990002000320INLIS00000000000190620241030022958 a0010-1024000717241030 0 ind 1 aHukum Dan Hak-Hak Asasi Manusia :bSuatu Pemahaman Kritis /cDrs. Mulyana W. Kusumah aKusumah, Mulyana aBandung :bAlumni,c1981 a142 hlm. ;c21x14 cm a341.48 KUS H C.1 a341.48 4aHak Asasi Manusia, HAM a961111200003611